000 00863nam a2200253 i 4500
003 DO-SdBNP
005 20260306091826.0
007 ta
008 231030e2007 |||a|||| |||| 00| 0 spa d
020 _a9789993442646
040 _aDO-SdBNP
_bspa
_cBNPHU
_erda
082 4 _aRD861.44
_bM632a
_222
100 1 _aMieses Burgos, Franklin,
_d1907-1976
_eautor
_4aut.
_91952
245 1 0 _aAntología /
_bFranklin Mieses Burgos ; selección de, Federico Henríquez Gratereaux
264 1 _aSanto Domingo :
_bDirección General de la Feria del Libro,
_c2007
300 _a177 páginas :
_bIlustraciones ;
_c27 cm.
336 _atexto
_btxt
_2rdacontent
337 _asin mediación
_bn
_2rdamedia
338 _avolumen
_bnc
_2rdacarrier
590 _aInventariado 2023 / DG
700 1 _aGarcía Gratereaux, Federico,
_eselección
_986913
910 _aDG
942 _2ddc
_cLBS1
999 _c55466
_d55466